000 00552nam a2200205Ia 4500
005 20241129110240.0
008 241129s9999||||xx |||||||||||||| ||und||
037 _aTB
040 _aARTS
_beng
_cARTS
041 _aeng
_2urd
084 _aO168,1N24x P5
_qARTS
100 _aJafary Ada Au.
_9727570
245 0 _aMausam mausam
_cJafary Ada Au.
260 _aNew Delhi, India
_bNew Farid book depot
_c2004
300 _a768p.
365 _aINR
_b500
650 _aUrdu Poetry
942 _cTB
_hO168,1N24x P5
999 _c1227881
_d1227881